000
00191 a2200097 4500
001
27876
100
_a
Sabel
245
_a
1,000 Great Events
260
_a
_b
Hamlyn
_c
090
_c
18613
_d
18613
942
_a
NUST-CAE
_c
M
_c
9573
999
_c
262949
_d
262949